000 00688nam a2200217Ii 4500
003 JO-AjNU
008 230605s9999||||xx |||||||||||||| ||und||
040 _aJO-AjNU
_bara
_erda
_cJO-AjNU
041 _aara
050 1 4 _aBF51 .B35.1985
100 3 _aبرت،سرل ، عبده، سمير/ترجمة,
_eauthor
_916826
245 0 0 _aعلم النفس الديني
250 _aط1
264 3 1 _aبيروت:منشورات دار الافاق الجديدة ،1985
300 _a119ص
336 _atext
_btxt
_2rdacontent
337 _aunmediated
_bn
_2rdamedia
338 _avolume
_bnc
_2rdacarrier
490 0 _aسلسلة الافكار
650 4 _aعلم نفس ديني
_916827
999 _aA5073
_c8641
_d8641